Normal view
MARC view
- الادارة المالية - المالية العامة
Entry Topical Term
001 - CONTROL NUMBER
- control field: 45896
003 - CONTROL NUMBER IDENTIFIER
- control field: JO-AjAnu
005 - DATE AND TIME OF LATEST TRANSACTION
- control field: 20230606081605.0
008 - FIXED-LENGTH DATA ELEMENTS
- fixed length control field: 230606|| aca||aabn | a|a d
040 ## - CATALOGING SOURCE
- Original cataloging agency: JO-AjAnu
- Transcribing agency: JO-AjAnu
150 ## - HEADING--TOPICAL TERM
- Topical term or geographic name entry element: الادارة المالية - المالية العامة
670 ## - SOURCE DATA FOUND
- Source citation: Work cat.: (JO-AjAnu)23495: تاليف عوامله، نائل, author 45895, الإدارة المالية العامة في النظرية والتطبيق: الإدارة المالية العامة في المملكة الأردنية الهاشمية: نموذج الدولة الغربية الحديثة: نموذج الدولة الإسلامية: نموذج الدولة النامية